000 00325 a2200157 4500
001 164480
020 _a
040 _cMagnum
100 _aChamlian, Regina
240 1 0 _aO boy da via lactea
_lpor
245 1 0 _aO boy da via lactea
362 0 _a1899
440 1 _aModerna
697 _aJ/CONFLITO/SONHOS
942 _cBK
999 _c164480
_d164480